000 00562nam a2200169Ia 4500
003 GCL
008 140319s9999 xx 000 0 ara d
040 _aGCL /
_cGCL
082 0 4 _a891.82
_bل ر
100 1 _aلوفراك، ماتو
245 1 0 _aالرواية العالمية: قطار فى الجليد /
_cلوفراك، ماتو
260 _a[S.N] :
_bالهيئة المصرية العامة للكتاب ،
_c1987
300 _a71
490 _aالرواية العالمية
_v0
650 0 4 _aالقصص اليوغوسلافية
942 _2ddc
_cBK
999 _c34075
_d34075